| 000 | 00841nas a2200289 4500 | ||
|---|---|---|---|
| 001 | BR9206629 | ||
| 003 | BR-BrBNA | ||
| 005 | 20231205092939.0 | ||
| 007 | ta | ||
| 008 | 230509b bl.|||p| |||| 00| 00por d | ||
| 040 |
_aBR-BrBNA _bpor _cBiblioteca Nacional de Agricultura |
||
| 041 | _a(Pt) | ||
| 072 | _aF07; N20 | ||
| 100 | 1 | _aAmado, T.J.C. | |
| 100 | 1 | _aSilva, E. | |
| 100 | 1 | _aTeixeira, L.A.J. | |
| 245 | 1 | _aCultivo minimo de cebola: maquina para o preparo do solo nas pequenas propriedades | |
| 650 | _aCEBOLA | ||
| 650 | _aCULTIVO MINIMO | ||
| 650 | _aMAQUINA AGRICOLA | ||
| 650 | _aSOLO | ||
| 650 | _aCULTIVO DO SOLO | ||
| 650 | _aPRATICO | ||
| 773 | 0 |
_tAgropecuaria Catarinense (Brazil) _xISSN 0103-0779 _g(Mar 1992), v. 5(1) p. 25-26 _wBR9206629 |
|
| 909 |
_a202311 _bLúcia _c55 _dLúcia Elande |
||
| 942 |
_2AGRIS _n0 _cANA |
||
| 999 |
_c135312 _d135312 |
||